000 00701nam a2200193Ia 4500
003 GCL
005 20240530102508.0
008 140319s9999 xx 000 0 ara d
040 _aGCL /
_cGCL
082 0 4 _a415.5
_bس ش
100 1 _aناصر حسين على (تحقيق)
245 1 0 _aشرح القصيدة الكافية فى التصريف /
_cناصر حسين على (تحقيق)
260 _a[S.N] :
_bالمطبعة التعاونية ،
_c1989
300 _a79 ص
650 0 4 _aاللغة العربية
650 0 4 _aالصرف
700 1 _aالسيوطى : جلال الدين ابوالفضل عبدالرحمن بن ابى بكر بن محمد الخضيرى
942 _2ddc
_cBK
999 _c32675
_d32675